000 00576cam a2200193ua 4500
001 5520
008 131002n ii |||gr||||Z||||||eng
020 _a978-0-19-806919-5
040 _cMAIN
082 _a004
110 _baa.
245 1 1 _aGetting Started with Matlab :
_bA Quick Introduction for Scientists and Engineers /
_cby Rudra Pratap .
260 _aNewYork:
_bOxford university Press,
_c2010.
300 _axii,263.
653 _aData processing & computer science
653 _agetting started with Matlab
700 1 _aPratap Rudra.,
_eauthor.,
942 _cBK
999 _c4692
_d4692